撒旦的条件 (Record no. 14527)

000 -LEADER
fixed length control field 00483nam a22001937a 4500
003 - CONTROL NUMBER IDENTIFIER
control field MPLRDC
005 - DATE AND TIME OF LATEST TRANSACTION
control field 20220104123828.0
008 - FIXED-LENGTH DATA ELEMENTS--GENERAL INFORMATION
fixed length control field 210129b ||||| |||| 00| 0 eng d
020 ## - INTERNATIONAL STANDARD BOOK NUMBER
International Standard Book Number 957-482-122-6
082 ## - DEWEY DECIMAL CLASSIFICATION NUMBER
Classification number 857.7 FXDQ v.428
100 ## - MAIN ENTRY--PERSONAL NAME
Personal name 心岚
245 ## - TITLE STATEMENT
Title 撒旦的条件
Statement of responsibility, etc.
250 ## - EDITION STATEMENT
Edition statement 初版
260 ## - PUBLICATION, DISTRIBUTION, ETC.
Place of publication, distribution, etc. 台湾
Name of publisher, distributor, etc. 飞象文化事业有限公司
Date of publication, distribution, etc. 2000
300 ## - PHYSICAL DESCRIPTION
Other physical details 206
490 ## - SERIES STATEMENT
Series statement 非限定情话. 428
650 ## - SUBJECT ADDED ENTRY--TOPICAL TERM
Topical term or geographic name entry element 长篇小说
942 ## - ADDED ENTRY ELEMENTS (KOHA)
Koha item type Book
-- 857.7 FXDQ v.428
Holdings
Withdrawn status Lost status Source of classification or shelving scheme Damaged status Not for loan Collection code Home library Current library Shelving location Date acquired Cost, normal purchase price Total Checkouts Full call number Barcode Date last seen Date last checked out Price effective from Koha item type Public note
            Malaysian Public Library, Research and Development Centre Malaysian Public Library, Research and Development Centre   10/12/2007 8.00   857.7 FXDQ v.428 00014555 17/03/2021 22/11/2015 17/03/2021 Book mplrdc

© 2022. Malaysian Public Library, Research and Development Centre. All Right ReservedE-mailmplrdc@help.edu.my 

Powered by Koha